000 00232nam a2200121Ia 4500
100 _a#N/A
650 _aComputer/ IT
942 _cBK
654 _ainternet
245 _aInternet Fundamentals
260 _b#N/A
546 _aENGLISH
999 _c34249
_d34249